00293nam a2200121Ia 4500008004100000082001600041100001400057245003600071250000800107260003400115300001000149650001200159150201s2005 xx 000 0 und d a611bA2005J aJAIN A.K. aANATOMY & PHYSIOLOGY FOR NURSES a1ST bARYA PUBLICATIONaDELHIc2005 a1-319 aANATOMY